[Event "Moscow Rapid-ch 2018"]
[Site "Moscow"]
[Date "2018.12.08"]
[Round "2"]
[White "Gareyev, Timur"]
[Black "Matyunin, Maxim"]
[Result "0-1"]
[WhiteElo "2569"]
[BlackElo "2218"]
[Annotator "TA"]
[PlyCount "47"]
[EventDate "2018.12.08"]
[EventType "swiss"]
[EventCountry "RUS"]
[SourceTitle "playchess.com"]
[Source "ChessBase"]
[SourceQuality "1"]

{[%evp 12,47,0,0,0,0,0,-8,-2,-10,0,0,0,0,9,0,2,0,16,0,0,10,6,0,69,31,54,52,64,22,29,0,118,58,72,68,479,475]} 1. d4 e6 2. c4 d5 3. Nc3 Be7 4. Nf3 Nf6 5. e3 O-O 6. Qc2 b6 7. b3 {LiveBook: 3 Games} Bb7 {D37: Queen's Gambit Declined: 5 Bf4} (7... c5 8. Bb2 Nc6 9. Rd1 Bb7 10. dxc5 bxc5 11. cxd5 exd5 12. Be2 Qa5 13. O-O Rfd8 14. Qf5 Bc8 15. Qb1 {1-0 (29) Gareyev,T (2584)-Nakar,E (2456) Dallas 2018}) 8. Bb2 c5 9. Rd1 Nbd7 $146 {The position is equal.} ({Predecessor:} 9... Nc6 10. dxc5 bxc5 11. a3 Qa5 12. cxd5 exd5 13. Nd2 Rac8 {1-0 (48) Daryev,S (1992)-Yaremenko,R Yuzhny 2011}) 10. dxc5 bxc5 11. cxd5 exd5 12. Be2 Qa5 13. O-O Rac8 14. Qf5 Rfd8 15. Ne5 Nxe5 16. Qxe5 Bd6 17. Qf5 Bb8 (17... Bc6 $11) 18. Bf3 {[%cal Rf3d5]} c4 19. bxc4 Rxc4 20. Ne2 (20. Nxd5 $5 Nxd5 21. Rxd5 Rxd5 22. Bxd5 Qxd5 23. Qxd5 Bxd5 24. Rd1 $15) 20... Bc8 21. Qb1 {Black must now prevent Bxf6.} Qc7 {[#]} (21... Ne4 $11) 22. Ng3 (22. g3 $1 $16) 22... Ne4 23. Bxe4 dxe4 $4 {[%mdl 8192] [#]} ({Black should play} 23... Rxe4 $14 24. Rxd5 {[%mdl 64] Remove Defender} Rxd5 25. Qxe4 Be6) 24. Be5 $1 {[%mdl 33280] Accuracy: White = 52%, Black = 38%. . Loss on time!?} 0-1

[Event "Moscow Rapid-ch 2018"]
[Site "Moscow"]
[Date "2018.12.08"]
[Round "2"]
[White "Kosteniuk, Alexandra"]
[Black "Gorbatov, Alexej"]
[Result "1/2-1/2"]
[WhiteElo "2537"]
[BlackElo "2389"]
[Annotator "TA"]
[PlyCount "91"]
[EventDate "2018.12.08"]
[EventType "swiss"]
[EventCountry "RUS"]
[SourceTitle "playchess.com"]
[Source "ChessBase"]
[SourceQuality "1"]

{[%evp 11,91,-7,-8,-55,-47,-50,-46,-53,-44,-68,-63,-69,-16,-101,-124,-268,-50,-163,-158,-187,-185,-187,-194,-279,-281,-304,-189,-208,-97,-133,-137,-131,-104,-99,-109,-103,-91,-108,-108,-232,-105,-237,-122,-123,0,-58,-67,-83,-52,-116,-58,-83,-89,-89,-92,-133,-104,-108,-108,-106,-101,-104,-33,-32,-19,-56,-51,-65,-27,-43,-37,-75,-36,-36,-37,-37,-37,-37,-37,-43,0,0]} 1. e4 c5 2. Nf3 a6 3. d4 cxd4 4. Nxd4 Nf6 5. Nc3 e5 {[%cal Be7e5,Be5e4][%mdl 32]} 6. Nf3 Bb4 {LiveBook: 56 Games} 7. Be2 {B28: Sicilian: 2 Nf3 a6 (O'Kelly Variation)} (7. Bc4 Qc7 8. Bb3 d6 9. O-O Bxc3 10. bxc3 Nbd7 11. Nd2 O-O 12. Re1 Nc5 13. f3 Nxb3 14. axb3 Qxc3 15. Ba3 Be6 {0-1 (36) Agopov,M (2452)-Rapport,R (2693) Reykjavik 2015}) 7... Nxe4 8. O-O Nxc3 9. bxc3 {Black is slightly better.} Bxc3 10. Rb1 $146 ({Predecessor:} 10. Ba3 Bxa1 11. Qxa1 Nc6 12. Nxe5 Ne7 13. Nxf7 Kxf7 14. Bd6 b5 {1-0 (30) Girard,J (1973)-Zermiche,C (2089) Cap d'Agde 2006}) 10... e4 11. Rb3 Bf6 $1 ({Not} 11... exf3 12. Rxc3 O-O 13. Bxf3 $16 (13. Rxf3 d5 $14)) 12. Qd6 (12. Nd2 $1 $11 {keeps the balance.} d5 13. c4) 12... Qe7 $17 13. Qg3 (13. Qxe7+ $17 Bxe7 14. Nd2) 13... d6 $2 (13... exf3 $19 14. Re3 Qxe3 $1 {[%mdl 512]} 15. fxe3 fxe2 16. Rxf6 gxf6) 14. Ng5 (14. Re3 $1 $15) 14... O-O $1 $19 15. Bf4 Rd8 $1 16. Re3 Bf5 17. Nxe4 (17. Bh5 $142 Bxg5 18. Qxg5 Qxg5 19. Bxg5) 17... Bxe4 18. f3 d5 ({Less strong is} 18... Bh4 19. Qh3 $15) 19. fxe4 {[#] e5 is the strong threat.} dxe4 (19... Bd4 $1 $19 {is more deadly.} 20. exd5 Re8) 20. c3 Nc6 21. Bf3 Rd3 22. Bxe4 Rxe3 23. Qxe3 Re8 24. Re1 g6 25. Kf1 (25. Bxc6 $17 Qxe3+ 26. Rxe3 Rxe3 27. Bxe3 bxc6 28. c4) 25... Qe6 {[#]} (25... Qa3 $19 26. c4 Qxa2) 26. Qd3 (26. Bd5 $1 $17 {[%mdl 512] keeps fighting.} Qxe3 (26... Qxd5 27. Qxe8+) 27. Rxe3 Rxe3 28. Bxe3) 26... Ne5 ({Black should try} 26... Qxa2 $19 27. Bh6 Qe6) 27. Qd5 $17 Nc6 (27... Qg4 $17 28. Bg3 b5) 28. Qxe6 ({White should play} 28. Qd3 $1 $11) 28... Rxe6 $15 29. Bd2 $1 Kg7 30. g3 (30. Bd5 $15) 30... h5 (30... Na5 $17 {And now ...Nc4 would win.} 31. Bf3 Rb6) 31. Re2 b5 32. Bd5 Rd6 33. Be4 Ne5 34. Bf4 Rd1+ 35. Re1 Rxe1+ 36. Kxe1 $17 {[%mdl 4096] Endgame KBB-KBN} Nd7 ({Better is} 36... Ng4 $17 37. Kd2 Nxh2) 37. Kd2 $15 Nc5 38. Bc2 Ne6 39. Bd6 Bg5+ 40. Ke2 f5 41. a4 Bf6 42. axb5 axb5 43. Bb4 Nc7 44. Bd3 Be5 45. Ba5 Kf6 46. Bxc7 {Accuracy: White = 32%, Black = 44%.} 1/2-1/2

[Event "Moscow Rapid-ch 2018"]
[Site "Moscow"]
[Date "2018.12.08"]
[Round "2"]
[White "Sychev, Klementy"]
[Black "Lavrov, Maxim"]
[Result "1-0"]
[WhiteElo "2537"]
[BlackElo "2387"]
[Annotator "TA"]
[PlyCount "56"]
[EventDate "2018.12.08"]
[EventType "swiss"]
[EventCountry "RUS"]
[SourceTitle "playchess.com"]
[Source "ChessBase"]
[SourceQuality "1"]

{[%evp 22,56,20,8,60,57,65,53,114,125,135,111,129,131,129,115,123,115,199,199,229,224,329,335,426,399,416,422,397,316,399,397,389,381,377,319,338]} 1. e4 e5 2. Nf3 Nc6 3. Bb5 a6 4. Ba4 Nf6 5. O-O Be7 6. d3 b5 7. Bb3 d6 8. a4 b4 9. a5 O-O 10. Nbd2 {[%cal Bb1d2,Bd2c4,Bc4e5,Be5c6][%mdl 32]} Rb8 {C84: Closed Ruy Lopez: Unusual White 6th moves} (10... h6 11. Re1 Rb8 12. h3 Be6 13. Ba4 Nxa5 14. d4 c5 15. dxe5 dxe5 16. Nxe5 c4 17. Qe2 Rc8 18. Ndf3 {½-½ (25) Vitiugov,N (2730)-Tomashevsky,E (2702) Satka 2018}) 11. Nc4 Bg4 12. Be3 {LiveBook: 7 Games} d5 ({Black should try} 12... Be6 $11) 13. exd5 $14 Nxd5 {[#]} 14. Ba4 $146 ({Predecessor:} 14. h3 Nxe3 15. fxe3 Be6 16. Ncxe5 Nxe5 17. Nxe5 Qd6 18. d4 Bxb3 19. cxb3 {1-0 (30) Bok,B (2613)-Ernst,S (2535) playchess.com INT 2016}) 14... Nd4 ({Black should play} 14... Nxe3 $14 15. fxe3 e4) 15. Bxd4 $16 exd4 16. Nce5 Bh5 17. Nc6 $36 {[%mdl 2048] White has strong initiative.} Qd6 18. Nxb8 Rxb8 {[#]} 19. Qe2 $1 Nf4 (19... Qg6 $16 20. Qe4 Qxe4 21. dxe4 Bxf3) 20. Qe4 $18 Bg6 21. Qe5 c5 (21... Bf6 $142 22. Qxd6 cxd6) 22. Rfe1 Bf8 23. Bb3 Bh5 24. Qxd6 Bxd6 25. Nd2 Kf8 26. Bc4 Ra8 27. g3 Ng6 28. Ne4 Be7 {Accuracy: White = 93%, Black = 32%.} 1-0

[Event "Moscow Rapid-ch 2018"]
[Site "Moscow"]
[Date "2018.12.08"]
[Round "2"]
[White "Ulko, Jaroslav"]
[Black "Stukan, Martin"]
[Result "0-1"]
[WhiteElo "2439"]
[BlackElo "2142"]
[Annotator "TA"]
[PlyCount "68"]
[EventDate "2018.12.08"]
[EventType "swiss"]
[EventCountry "RUS"]
[SourceTitle "playchess.com"]
[Source "ChessBase"]
[SourceQuality "1"]

{[%evp 19,68,13,8,8,10,6,13,12,26,21,27,4,14,4,16,-137,-144,-265,-254,-256,-266,-250,-258,-251,-262,-260,-125,-250,-242,-252,-243,-289,-296,-520,-504,-468,-454,-578,-556,-568,-571,-602,-601,-688,-687,-654,-649,-650,-497,-1970,-1954]} 1. d4 Nf6 2. c4 g6 3. Nc3 d5 4. cxd5 Nxd5 5. Nf3 Bg7 6. Bg5 Nxc3 {D90: Grünfeld: 4 Nf3 Bg7 sidelines} (6... c5 7. Rc1 Nxc3 8. bxc3 O-O 9. e3 h6 10. Bh4 Bf5 11. Be2 g5 12. Bg3 Qa5 13. Qd2 Rd8 14. O-O {½-½ (146) Lenderman,A (2630)-Vidit,S (2711) chess.com INT 2018}) 7. bxc3 c5 8. Qd2 cxd4 9. cxd4 Nc6 10. e3 O-O {LiveBook: 3 Games} 11. Rc1 Be6 12. Be2 $146 ({Predecessor:} 12. Bb5 Bd5 13. Bc4 h6 14. Bh4 Re8 {1-0 (31) Nyback,T (2459)-Lupulescu,C (2476) Peniscola 2002}) 12... Bd5 13. O-O Qd7 14. Rfd1 Rac8 15. Qb2 a6 16. h3 b5 17. Rc5 $2 (17. Qa3 $11) 17... Bxf3 $17 18. Bxf3 (18. gxf3 $17 Nxd4 19. Rxc8 Nxe2+ {[%mdl 64] Discovered Attack} 20. Qxe2 Qxc8 21. Kg2) 18... Nxd4 $1 $19 {[%mdl 64] [#] Discovered Attack, Remove Defender} 19. Rxd4 Rxc5 20. Rxd7 Bxb2 21. Bxe7 Rc1+ 22. Kh2 {[#]} Re8 (22... Be5+ $1 $19 {has better winning chances.} 23. g3 Rfc8) 23. Bg5 (23. g3 $17) 23... Be5+ 24. g3 {and the idea Bd5 leaves White hopeful.} Rc7 25. Rd5 Kg7 26. e4 $2 (26. Rd2 {is a better defense.}) 26... Rc2 {Black is clearly winning.} 27. Be3 Rxa2 28. Kg2 b4 29. Bd1 Ra3 30. Bc5 a5 31. f4 Bc3 32. e5 Ra2+ 33. Kf3 Rd2 34. Ke4 (34. Rxd2 $142 Bxd2 35. Ba4) 34... f5+ {Accuracy: White = 29%, Black = 61%.} 0-1

[Event "Moscow Rapid-ch 2018"]
[Site "Moscow"]
[Date "2018.12.08"]
[Round "2"]
[White "Yeletsky, Ivan"]
[Black "Shinkevich, Vitaly"]
[Result "0-1"]
[WhiteElo "2406"]
[BlackElo "2439"]
[Annotator "TA"]
[PlyCount "60"]
[EventDate "2018.12.08"]
[EventType "swiss"]
[EventCountry "RUS"]
[SourceTitle "playchess.com"]
[Source "ChessBase"]
[SourceQuality "1"]

{[%evp 26,60,16,26,22,33,40,0,0,-31,0,0,90,0,0,0,0,-37,-35,-42,-37,-21,-38,-23,-28,-30,-28,-139,-132,-126,-126,-111,0,-15,-8,-25,-24]} 1. e4 c5 2. Nf3 d6 3. d4 cxd4 4. Nxd4 Nf6 5. Nc3 g6 6. Be3 Bg7 7. f3 O-O 8. Qd2 Nc6 9. O-O-O d5 10. Nxc6 bxc6 11. Bh6 Qa5 12. Bxg7 {B76: Sicilian Dragon: Yugoslav Attack, 9 g4 and 9 0-0-0} Kxg7 13. exd5 cxd5 14. g4 {LiveBook: 3 Games. The position is equal.} e6 15. h4 h5 $1 {[#]} 16. Be2 $146 ({Predecessor:} 16. Qf4 Qb6 17. Bd3 e5 18. Qxe5 Re8 19. Qf4 hxg4 20. fxg4 Bxg4 {½-½ (42) Timman,J (2605)-Sax,G (2560) Niksic 1983}) 16... Rb8 17. b3 Qb4 18. Qe3 Rd8 {[#]} (18... hxg4 19. h5 $14) (18... Bd7 $11) 19. Rd4 ({White should try} 19. Ne4 $1 $16 {[%cal Re4f6][%mdl 512] Black must now prevent Nxf6.} Qb6 (19... dxe4 20. Rxd8) 20. Qd2 (20. Qf4 dxe4 21. Rxd8 Qxd8 $11)) 19... Qc5 $11 20. gxh5 {And now h6+ would win.} Rb4 $1 21. h6+ Kh7 {[%mdl 1024] Black has compensation.} 22. Rhd1 {[#]} e5 $1 $36 {[%mdl 2560] Black has good play.} 23. R4d3 $1 (23. Qxe5 Qxc3) 23... d4 {[%mdl 64] Double Attack} 24. Qg5 $1 {[%cal Rg5f6]} Rb6 25. Ne4 Qa3+ 26. Kd2 (26. Kb1 $11 {remains equal.} Qe7 27. h5) 26... Nxe4+ 27. fxe4 Qa5+ 28. Kc1 Qa3+ (28... f6 $17 29. Qg2 Qa3+ 30. Kb1 Ra6) 29. Kb1 f6 30. Qd2 Ra6 {[%mdl 32768] Accuracy: White = 46%, Black = 67%. . Loss on time!?} 0-1

[Event "Moscow Rapid-ch 2018"]
[Site "Moscow"]
[Date "2018.12.08"]
[Round "2"]
[White "Dvalishvili, Pavel S."]
[Black "Tsvetkov, Andrey"]
[Result "1-0"]
[WhiteElo "2396"]
[BlackElo "2338"]
[Annotator "NA"]
[PlyCount "41"]
[EventDate "2018.12.08"]
[EventType "swiss"]
[EventCountry "RUS"]
[SourceTitle "playchess.com"]
[Source "ChessBase"]
[SourceQuality "1"]
[TimeControl "900+10"]

1. e4 {[%emt 0:00:00]} c5 {[%emt 0:00:00]} 2. b3 {[%emt 0:00:02]} g6 {[%emt 0:00:00]} 3. Bb2 {[%emt 0:00:00]} Nf6 {[%emt 0:00:00]} 4. Qf3 {[%emt 0:00:00]} d6 {[%emt 0:00:00]} 5. Bb5+ {[%emt 0:00:00]} Nbd7 {[%emt 0:00:19]} 6. Bxf6 {[%emt 0:01:26]} exf6 {[%emt 0:00:02]} 7. Nc3 {[%emt 0:00:01]} Bg7 {[%emt 0:00:04]} 8. Qg3 {[%emt 0:00:02]} Qe7 {[%emt 0:03:29]} 9. Nge2 {[%emt 0:00:31]} O-O {[%emt 0:00:19]} 10. O-O {[%emt 0:00:03]} Nb6 {[%emt 0:02:01]} 11. Rfe1 {[%emt 0:00:43]} Qd8 {[%emt 0:01:04]} 12. a4 {[%emt 0:01:03]} a6 {[%emt 0:01:14]} 13. Bd3 {[%emt 0:00:01]} d5 {[%emt 0:00:41]} 14. exd5 {[%emt 0:00:17]} Nxd5 {[%emt 0:00:11]} 15. Nxd5 {[%emt 0:00:01]} Qxd5 {[%emt 0:00:03]} 16. Nc3 {[%emt 0:00:01]} Qd8 {[%emt 0:00:28]} 17. Qe3 {[%emt 0:00:33]} Qa5 {[%emt 0:01:55]} 18. Qe7 {[%emt 0:02:04]} Be6 {[%emt 0:02:44]} 19. Qxb7 {[%emt 0:00:04]} f5 {[%emt 0:00:01]} 20. Rac1 {[%emt 0:04:06]} Rfb8 {[%emt 0:01:08]} 21. Qf3 {[%emt 0:00:01]} 1-0

[Event "Moscow Rapid-ch 2018"]
[Site "Moscow"]
[Date "2018.12.08"]
[Round "2"]
[White "Dragomarezkij, Evgeni"]
[Black "Pavlov, Danila"]
[Result "1-0"]
[WhiteElo "2385"]
[BlackElo "2323"]
[Annotator "NA"]
[PlyCount "80"]
[EventDate "2018.12.08"]
[EventType "swiss"]
[EventCountry "RUS"]
[SourceTitle "playchess.com"]
[Source "ChessBase"]
[SourceQuality "1"]
[TimeControl "900+10"]

1. c4 {[%emt 0:00:00]} Nf6 {[%emt 0:00:00]} 2. Nc3 {[%emt 0:00:00]} g6 {[%emt 0:00:00]} 3. e4 {[%emt 0:00:00]} d6 {[%emt 0:00:00]} 4. d4 {[%emt 0:00:00]} Bg7 {[%emt 0:00:00]} 5. f3 {[%emt 0:00:00]} O-O {[%emt 0:00:00]} 6. Be3 {[%emt 0:00:00]} e5 {[%emt 0:00:00]} 7. d5 {[%emt 0:00:00]} a5 {[%emt 0:00:00]} 8. Bd3 {[%emt 0:00:00]} Na6 {[%emt 0:00:00]} 9. Nge2 {[%emt 0:00:00]} c6 {[%emt 0:00:25]} 10. O-O {[%emt 0:00:09]} cxd5 {[%emt 0:00:02]} 11. cxd5 {[%emt 0:00:04]} Nd7 {[%emt 0:00:12]} 12. a3 {[%emt 0:01:18]} Ndc5 {[%emt 0:01:25]} 13. Bc2 {[%emt 0:00:03]} Bd7 {[%emt 0:00:09]} 14. Rb1 {[%emt 0:00:02]} b5 {[%emt 0:03:01]} 15. b4 {[%emt 0:00:06]} axb4 16. axb4 {[%emt 0:00:02]} Na4 {[%emt 0:00:57]} 17. Nxa4 {[%emt 0:00:52]} bxa4 {[%emt 0:00:14]} 18. Bxa4 {[%emt 0:00:11]} Nc7 {[%emt 0:00:31]} 19. Bc6 {[%emt 0:00:12]} Bxc6 {[%emt 0:00:56]} 20. dxc6 {[%emt 0:00:02]} d5 {[%emt 0:00:01]} 21. Bc5 {[%emt 0:00:06]} Re8 {[%emt 0:00:06]} 22. Bb6 {[%emt 0:02:14]} d4 {[%emt 0:00:24]} 23. Qb3 {[%emt 0:00:36]} Rb8 {[%emt 0:01:46]} 24. Bxc7 {[%emt 0:03:00]} Qxc7 {[%emt 0:00:01]} 25. b5 {[%emt 0:00:08]} Rec8 {[%emt 0:01:25]} 26. Rfc1 {[%emt 0:00:55]} Qb6 {[%emt 0:00:16]} 27. Kh1 {[%emt 0:00:23]} Bh6 {[%emt 0:00:02]} 28. Rc4 {[%emt 0:01:01]} Ra8 {[%emt 0:00:11]} 29. Nc1 {[%emt 0:00:47]} Bf8 {[%emt 0:00:35]} 30. Nd3 {[%emt 0:00:11]} Ra3 {[%emt 0:00:01]} 31. Qc2 {[%emt 0:00:15]} Bd6 {[%emt 0:00:03]} 32. h3 {[%emt 0:01:03]} Ra5 {[%emt 0:01:13]} 33. Qb2 {[%emt 0:00:58]} Rb8 {[%emt 0:00:35]} 34. f4 {[%emt 0:00:32]} f6 {[%emt 0:03:20]} 35. fxe5 fxe5 {[%emt 0:00:01]} 36. Qb3 {[%emt 0:00:07]} Kg7 {[%emt 0:01:22]} 37. Rcc1 {[%emt 0:00:57]} Bc7 {[%emt 0:00:18]} 38. Rc5 {[%emt 0:00:27]} Bd6 {[%emt 0:00:10]} 39. Rd5 {[%emt 0:00:17]} Ra3 {[%emt 0:00:01]} 40. Qd1 {[%emt 0:00:15]} Rd8 {[%emt 0:01:08]} 1-0

[Event "Moscow Rapid-ch 2018"]
[Site "Moscow"]
[Date "2018.12.08"]
[Round "2"]
[White "Gurvich, Vitaly"]
[Black "Golubov, Saveliy"]
[Result "1/2-1/2"]
[WhiteElo "2270"]
[BlackElo "2482"]
[Annotator "TA"]
[PlyCount "42"]
[EventDate "2018.12.08"]
[EventType "swiss"]
[EventCountry "RUS"]
[SourceTitle "playchess.com"]
[Source "ChessBase"]
[SourceQuality "1"]

{[%evp 15,42,53,102,101,101,51,103,55,104,108,122,122,195,85,70,104,84,74,83,57,147,112,138,129,122,100,60,38,102]} 1. c4 Nf6 2. Nc3 g6 3. e4 d6 4. d4 Bg7 5. Be2 O-O 6. Bg5 h6 7. Be3 e5 8. d5 c5 {LiveBook: 4 Games} 9. Qd2 {E74: King's Indian: Averbakh Variation: 6...c5} (9. g4 b5 10. cxb5 a6 11. bxa6 Qa5 12. f3 Nxa6 13. Qd2 Rb8 14. h4 h5 15. g5 Nd7 16. Nh3 Rb4 17. Nf2 {0-1 (53) Vitiugov,N (2594)-Inarkiev,E (2674) Moscow 2007}) 9... h5 10. h4 a6 $146 (10... Ng4 $14) ({Predecessor:} 10... Na6 11. Nh3 Bd7 12. f3 Nc7 13. Nf2 Rb8 14. Bg5 Qe8 15. O-O-O b5 {½-½ (50) Aupi Royo,J (2356)-Hynes,W (2452) ICCF email 2008}) 11. a4 {White is better.} Qa5 12. f3 Nh7 13. Nh3 {[%cal Bg1h3,Bh3f2,Bf2d3][%mdl 32]} f5 (13... Nd7 $16 {was called for.}) 14. Bh6 (14. exf5 $18 gxf5 15. Bh6) 14... f4 $16 15. Bxg7 Kxg7 16. Nf2 Bd7 17. Ncd1 Qd8 ({Better is} 17... Qxd2+ $14 18. Kxd2 a5) 18. a5 Be8 19. Nd3 Nd7 20. Qc3 Rc8 21. Kd2 Qe7 {Accuracy: White = 54%, Black = 38%.} (21... g5 $14) 1/2-1/2

[Event "Moscow Rapid-ch 2018"]
[Site "Moscow"]
[Date "2018.12.08"]
[Round "2"]
[White "Strutinskaia, Galina"]
[Black "Glibka, Yulia"]
[Result "1-0"]
[WhiteElo "2201"]
[BlackElo "1979"]
[Annotator "NA"]
[PlyCount "59"]
[EventDate "2018.12.08"]
[EventType "swiss"]
[EventCountry "RUS"]
[SourceTitle "playchess.com"]
[Source "ChessBase"]
[SourceQuality "1"]
[TimeControl "900+10"]

1. b3 {[%emt 0:00:00]} e5 {[%emt 0:00:08]} 2. Bb2 {[%emt 0:00:00]} Nc6 {[%emt 0:00:02]} 3. e3 {[%emt 0:00:00]} Nf6 {[%emt 0:00:09]} 4. Bb5 {[%emt 0:00:00]} d6 {[%emt 0:00:06]} 5. d4 {[%emt 0:00:06]} exd4 {[%emt 0:00:35]} 6. Bxd4 {[%emt 0:00:14]} Bd7 {[%emt 0:00:10]} 7. Bb2 {[%emt 0:00:06]} Ne5 {[%emt 0:00:32]} 8. Be2 {[%emt 0:00:03]} Bc6 {[%emt 0:00:03]} 9. Nf3 {[%emt 0:00:21]} Ng6 {[%emt 0:01:16]} 10. c4 {[%emt 0:00:20]} d5 {[%emt 0:03:55]} 11. Nd4 {[%emt 0:00:16]} Bb4+ {[%emt 0:01:28]} 12. Bc3 {[%emt 0:00:10]} Qd6 {[%emt 0:01:05]} 13. Nxc6 {[%emt 0:02:06]} bxc6 {[%emt 0:00:47]} 14. O-O {[%emt 0:00:17]} Bxc3 {[%emt 0:00:46]} 15. Nxc3 {[%emt 0:00:02]} O-O {[%emt 0:00:05]} 16. Qc2 {[%emt 0:00:26]} dxc4 {[%emt 0:02:12]} 17. bxc4 Qe6 {[%emt 0:00:53]} 18. Rfd1 {[%emt 0:02:06]} Ne5 {[%emt 0:00:58]} 19. Ne4 {[%emt 0:01:01]} Nxe4 {[%emt 0:00:38]} 20. Qxe4 {[%emt 0:00:02]} f5 {[%emt 0:00:05]} 21. Qd4 {[%emt 0:00:24]} f4 {[%emt 0:01:07]} 22. exf4 {[%emt 0:00:20]} Ng6 {[%emt 0:00:01]} 23. Qe3 {[%emt 0:00:07]} Rae8 {[%emt 0:00:06]} 24. Qxe6+ {[%emt 0:00:09]} Rxe6 {[%emt 0:00:03]} 25. Bg4 {[%emt 0:00:01]} Re4 {[%emt 0:01:24]} 26. g3 {[%emt 0:00:03]} Kf7 {[%emt 0:00:08]} 27. Rd7+ {[%emt 0:00:41]} Re7 {[%emt 0:00:08]} 28. Rb1 {[%emt 0:00:47]} Rfe8 {[%emt 0:00:30]} 29. Rb7 {[%emt 0:00:11]} Nf8 {[%emt 0:00:14]} 30. Rdxc7 {[%emt 0:00:05]} 1-0

[Event "Moscow Rapid-ch 2018"]
[Site "Moscow"]
[Date "2018.12.08"]
[Round "2"]
[White "Chudinovskikh, Alexander M"]
[Black "Tarasov, Danila"]
[Result "1-0"]
[WhiteElo "2184"]
[BlackElo "1885"]
[Annotator "NA"]
[PlyCount "125"]
[EventDate "2018.12.08"]
[EventType "swiss"]
[EventCountry "RUS"]
[SourceTitle "playchess.com"]
[Source "ChessBase"]
[SourceQuality "1"]
[TimeControl "900+10"]

1. e4 c5 2. Nf3 Nc6 3. Bb5 g6 4. O-O Bg7 5. c3 Qb6 6. Bc4 e6 7. Re1 d6 8. Na3 Nge7 9. Nb5 Qd8 10. d4 a6 11. Na3 b5 12. Bf1 cxd4 13. cxd4 O-O 14. Nc2 Bb7 15. Bg5 h6 16. Bf4 g5 17. Be3 Ng6 18. g3 Rc8 19. Rc1 Na5 20. Bd2 Nc4 21. Bc3 a5 22. b3 b4 23. Ba1 Nb6 24. a3 bxa3 25. Nxa3 Rxc1 26. Qxc1 Qa8 27. Qe3 f5 28. Nd2 f4 29. Qd3 Qe8 30. Nb5 Nc8 31. Bc3 fxg3 32. hxg3 Qf7 33. Qe3 h5 34. Bxa5 Kh7 35. Nc3 g4 36. Nd1 Nce7 37. Bb4 Nc6 38. Bc3 Bh6 39. Qd3 h4 40. Nc4 Qe7 41. d5 Rf3 42. Nde3 hxg3 43. fxg3 Rxg3+ 44. Bg2 Nce5 45. Bxe5 Nxe5 46. Nxe5 dxe5 47. Qc3 Bc8 48. Nf5 Rxc3 49. Nxe7 Bd7 50. Rf1 Rc1 51. Rxc1 Bxc1 52. Nc6 Be3+ 53. Kf1 exd5 54. exd5 Bxc6 55. dxc6 Bb6 56. Ke2 Kg7 57. Kd3 Kf8 58. Kc4 Ke7 59. Kb5 Bc7 60. Ka6 Kd8 61. Kb7 Ba5 62. b4 Bc7 63. b5 1-0

[Event "Moscow Rapid-ch 2018"]
[Site "Moscow"]
[Date "2018.12.08"]
[Round "2"]
[White "Zlotnik, Andrey"]
[Black "Zakhartsov, Vladimir"]
[Result "0-1"]
[WhiteElo "2092"]
[BlackElo "2486"]
[Annotator "TA"]
[PlyCount "80"]
[EventDate "2018.12.08"]
[EventType "swiss"]
[EventCountry "RUS"]
[SourceTitle "playchess.com"]
[Source "ChessBase"]
[SourceQuality "1"]

{[%evp 9,80,-25,-24,-20,-20,-10,-26,-37,0,-24,-24,-27,-38,-43,-11,-59,-39,-37,-31,-39,-42,-53,-54,-46,-39,-55,-24,-42,-29,-33,-27,-26,-25,-238,-235,-225,-238,-233,-220,-220,-210,-358,-318,-498,-483,-482,-479,-507,-498,-544,-529,-512,-505,-561,-553,-593,-588,-572,-553,-556,-573,-576,-544,-693,-668,-795,-791,-929,-825,-946,-912,-2156,-2015]} 1. b3 e5 2. e3 g6 (2... Nf6 3. Bb2 Nc6 4. Bb5 Bd6 5. Na3 e4 6. Nc4 Be7 7. Bxc6 dxc6 8. Ne2 O-O 9. O-O c5 10. Ng3 Bg4 11. Qe1 Be6 12. Rd1 Re8 13. Na5 {0-1 (83) Jobava,B (2711)-Giri,A (2720) Beijing 2012}) 3. d4 Bg7 4. Bb2 exd4 5. Bxd4 Nf6 $146 ({Predecessor:} 5... Bxd4 6. Qxd4 Qf6 7. Nc3 c6 8. Ne4 Qxd4 9. exd4 Nh6 10. c4 {½-½ (40) Aliyev,E-Zhukov,A Varna 2010}) 6. Nf3 {A01: Nimzowitsch-Larsen Opening} O-O 7. Be2 d5 8. O-O {Black has an edge.} b6 9. Nbd2 c5 10. Bb2 Nc6 11. Ne5 Bb7 12. Bf3 Ne7 13. c4 Qc7 14. cxd5 Nfxd5 15. Nec4 Bxb2 16. Nxb2 Rad8 17. Qc1 Rd7 18. Rd1 Rfd8 19. Ne4 Qe5 20. Nc4 Qg7 21. Ned6 $2 {[#]} (21. a3 $11 {and White stays safe.}) 21... Nc3 $1 $19 22. Rd3 Bxf3 23. Qxc3 Qxc3 24. Rxc3 Bc6 $40 {[%mdl 128] Black goes for the king.} 25. a4 (25. Rcc1 {was worth a try.}) 25... Nc8 ({Less strong is} 25... Rxd6 26. Nxd6 Rxd6 27. Rcc1 $19) 26. Rcc1 (26. Rd1 {keeps fighting.} b5 27. Re1 Nxd6 28. Ne5) 26... Nxd6 {Black is clearly winning.} 27. Ne5 Rc7 28. b4 Be8 29. a5 f6 30. axb6 axb6 31. Nf3 c4 32. Nd4 Kf7 33. Ra6 Rb8 34. h4 Nb5 35. Nc2 Ra7 36. Rca1 Rbb7 37. h5 gxh5 38. g3 Bc6 39. Kh2 Be4 40. Rxb6 Rxb6 {Accuracy: White = 31%, Black = 75%.} 0-1

[Event "Moscow Rapid-ch 2018"]
[Site "Moscow"]
[Date "2018.12.08"]
[Round "2"]
[White "Novikova, Galina"]
[Black "Paramzina, Anastasya"]
[Result "0-1"]
[WhiteElo "2077"]
[BlackElo "2229"]
[Annotator "NA"]
[PlyCount "76"]
[EventDate "2018.12.08"]
[EventType "swiss"]
[EventCountry "RUS"]
[SourceTitle "playchess.com"]
[Source "ChessBase"]
[SourceQuality "1"]
[TimeControl "900+10"]

1. e4 c5 2. Nf3 d6 3. d4 cxd4 4. Nxd4 Nf6 5. Nc3 a6 6. h3 Nc6 7. g4 Qb6 8. Nb3 e6 9. Be3 Qc7 10. Bg2 b5 11. f4 Bb7 12. Qe2 Be7 13. O-O-O Rc8 14. Kb1 Nd7 15. Qf2 Na5 16. Nxa5 Qxa5 17. g5 Rxc3 18. bxc3 Qxc3 19. Qd2 Qc7 20. h4 h5 21. g6 fxg6 22. Bf3 Kf7 23. Rdg1 Rc8 24. Rg2 Nc5 25. Bxc5 Qxc5 26. Rhg1 Bf6 27. Rxg6 Bc3 28. Qd3 Qa3 29. Rxg7+ Ke8 30. Rg8+ Kd7 31. R1g7+ Kc6 32. e5+ d5 33. Bxd5+ Kb6 34. Rxb7+ Ka5 35. Qxc3+ Qxc3 36. Rxc8 Qxc8 37. Be4 Qc4 38. Bd3 Kb4 0-1